| 000 | 00445nam a2200181Ia 4500 | ||
|---|---|---|---|
| 001 | 8160 | ||
| 005 | 20260306160548.0 | ||
| 008 | 260306t2010||||xx |||||||||||||| ||spa|| | ||
| 041 | _aESP | ||
| 082 |
_a370.115 _bB135 |
||
| 100 |
_aBenavente Veliz, Santos Cesario _eAUT |
||
| 245 | 0 | _aLa educación y el imaginario social | |
| 260 | _c2010 | ||
| 300 |
_a223 páginas : _c21 cm. |
||
| 650 | _aGEN | ||
| 654 | _aCED | ||
| 942 |
_cLIB _dJUS _fJUS _2ddc _n |
||
| 999 |
_c8160 _d8160 |
||